| 000 | 00365nam a2200133Ia 4500 | ||
|---|---|---|---|
| 005 | 20260328104323.0 | ||
| 008 | 260328s9999||||xx |||||||||||||| ||und|| | ||
| 100 | _aPortoghesi, Paolo | ||
| 245 | 0 |
_aPostModern : _bL´architetture nella societá post- Industriale / _cPaolo Portoghesi |
|
| 260 | _bElecta | ||
| 300 | _a153 p. | ||
| 650 | _aARQUITECTURA | ||
| 942 | _cBK | ||
| 999 |
_c11412 _d11412 |
||